Design of Functional Pavements / (Record no. 183745)
[ view plain ]
| 000 -LEADER | |
|---|---|
| fixed length control field | 01047 a2200193 4500 |
| 003 - CONTROL NUMBER IDENTIFIER | |
| control field | Nust |
| 005 - DATE AND TIME OF LATEST TRANSACTION | |
| control field | 20230320095409.0 |
| 010 ## - LIBRARY OF CONGRESS CONTROL NUMBER | |
| LC control number | 72005486 |
| 020 ## - INTERNATIONAL STANDARD BOOK NUMBER | |
| International Standard Book Number | 0070722439 |
| 040 ## - CATALOGING SOURCE | |
| Transcribing agency | Nust |
| 082 00 - DEWEY DECIMAL CLASSIFICATION NUMBER | |
| Classification number | 625.8,YAN |
| 100 1# - MAIN ENTRY--PERSONAL NAME | |
| Personal name | Yang, Nai C., |
| 9 (RLIN) | 43811 |
| 245 10 - TITLE STATEMENT | |
| Title | Design of Functional Pavements / |
| Statement of responsibility, etc. | Nai C. Yang. |
| 260 ## - PUBLICATION, DISTRIBUTION, ETC. | |
| Place of publication, distribution, etc. | New York, |
| Name of publisher, distributor, etc. | McGraw-Hill |
| Date of publication, distribution, etc. | [1972] |
| 300 ## - PHYSICAL DESCRIPTION | |
| Extent | x, 467 p. |
| Other physical details | illus. |
| Dimensions | 24 cm. |
| 505 ## - FORMATTED CONTENTS NOTE | |
| Formatted contents note | Basic of Pavements (Page-1), Development of Design Methods (Page-25), Pavement Support Conduction (Page-44), Quality Control and Construction Tolerance (Page-84), Material Concept of Pavement Construction (Page-105), Environmental Effects on Pavements (Page-138), Mathematical Methods for Pavement Systems (Page-181), Properties of Landing Gears Relating to Pavement Design (Page-273), Vehicle Pavement Interaction (Page-313), Full Scale Pavement Tests (Page-363), Systems of Pavement Design Analysis (Page-383), Redesign of Existing Pavement (Page-442). |
| 650 #0 - SUBJECT ADDED ENTRY--TOPICAL TERM | |
| Topical term or geographic name entry element | Pavements |
| General subdivision | Design and construction. |
| 9 (RLIN) | 916 |
| 942 ## - ADDED ENTRY ELEMENTS (KOHA) | |
| Source of classification or shelving scheme | |
| Koha item type | Book |
| Withdrawn status | Lost status | Source of classification or shelving scheme | Damaged status | Not for loan | Permanent Location | Current Location | Shelving location | Date acquired | Full call number | Barcode | Date last seen | Price effective from | Koha item type | Public note |
|---|---|---|---|---|---|---|---|---|---|---|---|---|---|---|
| Military College of Signals (MCS) | Military College of Signals (MCS) | General Stacks | 12/12/2016 | 625.8,YAN | MCS6518 | 12/08/2016 | 12/12/2016 | Book | Almirah No.74, Shelf No.6 |
